Central Library || Chittagong University

scismic hydrocarbon exploration : (Record no. 112821)

MARC details
000 -LEADER
fixed length control field 00582nam a22001937a 4500
003 - CONTROL NUMBER IDENTIFIER
control field BD-ChCU
005 - DATE AND TIME OF LATEST TRANSACTION
control field 20260510114456.0
008 - FIXED-LENGTH DATA ELEMENTS--GENERAL INFORMATION
fixed length control field 260510b sw ||||| |||| 00| 0 engd
020 ## - INTERNATIONAL STANDARD BOOK NUMBER
International Standard Book Number 9783319404356
040 ## - CATALOGING SOURCE
Transcribing agency BD-ChCU
082 ## - DEWEY DECIMAL CLASSIFICATION NUMBER
Edition number 23
Classification number 526.1 A461s
100 ## - MAIN ENTRY--PERSONAL NAME
Personal name Alsadi, Hamid N.
9 (RLIN) 22674
245 ## - TITLE STATEMENT
Title scismic hydrocarbon exploration :
Remainder of title 2D and 3D techniques/
Statement of responsibility, etc. Hamid N Alsadi.
260 ## - PUBLICATION, DISTRIBUTION, ETC.
Place of publication, distribution, etc. Springer inernation ; Springer
Name of publisher, distributor, etc. Springer,
Date of publication, distribution, etc. 2017
300 ## - PHYSICAL DESCRIPTION
Extent 331 P. :
504 ## - BIBLIOGRAPHY, ETC. NOTE
Bibliography, etc. note Includes.
650 #0 - SUBJECT ADDED ENTRY--TOPICAL TERM
Topical term or geographic name entry element Geodesy -statistical methods ; Fossil fuels.
9 (RLIN) 22675
942 ## - ADDED ENTRY ELEMENTS (KOHA)
Source of classification or shelving scheme Dewey Decimal Classification
Koha item type Books
Suppress in OPAC No
Holdings
Withdrawn status Lost status Source of classification or shelving scheme Damaged status Not for loan Home library Current library Shelving location Date acquired Source of acquisition Total Checkouts Full call number Barcode Date last seen Copy number Price effective from Koha item type
    Dewey Decimal Classification     Chittagong University Library Chittagong University Library Science Reading Room 05/10/2026 purchase   526.1 A461s 343447 05/10/2026 C-1 05/10/2026 Books
    Dewey Decimal Classification     Chittagong University Library Chittagong University Library Science Reading Room 05/10/2026 purchase   526.1 A461s 343448 05/10/2026 C-2 05/10/2026 Books
© Copyright 2026. Chittagong University Library, Installation and Maintenance by Prof. Dr. Md. Alamgir, 01711306253